00380 2200157 4500001002100000005001500021035002000036245004100056100002200097300001200119260003500131082000800166084001400174020002200188990001200210INLIS00000000000180220250506095215 a0010-05250000941 aKedai Bianglala /cAnggun Pramesuari0 aAnggun Pramesuari a178 hlm aJakarta :bPT. Grasindo,c2014 a813 a813 ANG k a978-602-251-304-3 a0754571